Iztapalapa : política nacional y elecciones /

Publicación periódica de ciencias sociales y humanidades, cuyo presente número reúne una serie de trabajos sobre el proceso electoral de 1988 en México. Contenido: El difícil tránsito hacia elecciones como opción política (Jacqueline Peschard); México, julio de 1988: ¿hacia una transición democrátic...

Deskribapen osoa

Gorde:
Xehetasun bibliografikoak
Beste egile batzuk: Mier y Terán, Carmen (coordinación) (coordinación)
Formatua: Liburua
Hizkuntza:gaztelania
Gaiak:
Etiketak: Etiketa erantsi
Etiketarik gabe, Izan zaitez lehena erregistro honi etiketa jartzen!

MARC

LEADER 00000nam^a2200000^a^4500
001 000187873
005 20250521000000.0
009 20260310102317.612
037 |a Acervo ITESO - Biblioteca 
041 |a ESP 
082 |a 300. 5  |b IZT V. 16 
240 1 1 |a [Iztapalapa] 
245 0 0 |a Iztapalapa :  |b política nacional y elecciones /  |c Coord. de C. Mier y Terán. 
264 |a México :  |b Universidad Autónoma Metropolitana Iztapalapa,  |c 1988 
300 |a 202 p. 
336 |a texto  |b txt  |2 rdacontenido 
337 |a sin mediación  |b n  |2 rdamedio 
338 |a volumen  |b nc  |2 rdasoporte 
520 |a Publicación periódica de ciencias sociales y humanidades, cuyo presente número reúne una serie de trabajos sobre el proceso electoral de 1988 en México. Contenido: El difícil tránsito hacia elecciones como opción política (Jacqueline Peschard); México, julio de 1988: ¿hacia una transición democrática? (Nuri Pimentel G., J. Francisco Rueda); Continuidad y cambio del bloque en el poder en México (Leonardo Valdés, Gabriel Gaspar); Los empresarios en la campaña presidencial de 1988 (Alicia Ortiz Rivera); Balance y perspectivas de un país en transición (Marco Antonio Michel); ¿El sistema mexicano concluye su ciclo? (Arquímedes Pérez Oviedo); Imágenes sociales en el proceso electoral de 1988 (Manuel González Navarro, Juana Juárez Romero); La teoría de la derivación del Estado (José Luis Tejeda G.); Salinas de Gortari: ¿el discurso político de la modernidad? (Víctor Alarcón Olguín, Francisco Miranda López); Crisis, elecciones y lucha por la democracia: taller de discusión política por la democracia y el socialismo (Antonio Rojas Nieto, Miguel Angel Rivera, Raúl Fuentes, Alfonso Hernández, etc.); Centroamérica: democracias de baja intensidad (Edelberto Torres Rivas); México: el senado contra la federación (Ricardo Espinoza Toledo, Alberto Enríquez Pérez); Distribución del ingreso y satisfacción de necesidades esenciales (Enrique Hernández Laos); Reseñas (Horacio Cerutti Guldberg, Miguel Concha Malo, César Cansino Ortiz). 
649 |a XX 
650 |a Ciencias Sociales -  |x Publicaciones Periódicas Mexicanas 
650 |a Libros -  |x Reseñas 
650 |a Capital 
650 |a Estado, El -  |x Teoría 
650 |a Marxismo -  |x Teoría 
650 |a Filosofía Política 
650 |a Crisis Económica -  |z México -  |x Historia -  |y 1982-1988 
650 |a Distribución del Ingreso -  |z México 
650 |a Igualdad y Desigualdad -  |z México 
650 |a Prospectiva Económica -  |z México 
650 |a Crisis Política -  |z México -  |x Historia -  |y 1982-1988 
650 |a Modernización -  |z México 
650 |a Transición Política -  |z América Central 
650 |a Transición Política -  |z México 
650 |a Democracia -  |z México 
650 |a Democracia -  |z América Central -  |x Historia -  |y 1980-1989 
650 |a Financiamiento de las Actividades Políticas -  |z México -  |x Historia -  |y 1982-1988 
650 |a Campaña Electoral -  |z México -  |x Historia -  |y 1982-1988 
650 |a Elecciones -  |z México -  |x Historia -  |y 1982-1988 
650 |a Sistema Electoral -  |z México -  |x Historia -  |y 1982-1988 
650 |a Sistema Político -  |z México -  |x Historia -  |y 1982-1988 
650 |a Proceso Político -  |z México -  |x Historia -  |y 1982-1988 
650 |a Cámara de Senadores -  |z México -  |x Historia 
650 |a Congreso de la Unión -  |z México -  |x Historia 
650 |a Poder Legislativo -  |z México -  |x Historia 
650 |a Economía -  |z México -  |x Historia -  |y 1982-1988 
650 |a Economía -  |z México -  |x Historia -  |y Siglo XX 
650 |a Política -  |z América Central -  |x Historia -  |y 1980-1989 
650 |a Política -  |z México -  |x Historia -  |y 1982-1988 
650 |a Política -  |z México -  |x Historia -  |y 1946-2000 
650 |a Política -  |z México -  |x Historia -  |y Siglo XX 
650 |a Publicaciones Periódicas Mexicanas 
650 |a Krotz, Esteban 
650 |a Casaldáliga, Pedro 
650 |a Mandel, Ernest 
600 |a Salinas de Gortari, Carlos 
700 |a Mier y Terán, Carmen  |e (coordinación) 
910 |a Fondo General 
920 |a Impresos - Libros 
930 |a Colección General 
905 |a 101 
901 |a 0500129959  |b IT1  |c ACC  |u 20250521 
902 |a https://opac.biblio.iteso.mx/vufind/Record/000187873